书目信息 |
| 题名: |
少林鹰爪十三抓
|
|
| 作者: | 杨维 著 | |
| 分册: | ||
| 出版信息: | 北京 人民体育出版社 2007 |
|
| 页数: | 280页 | |
| 开本: | 21cm | |
| 丛书名: | ||
| 单 册: | ||
| 中图分类: | G852.18 | |
| 科图分类: | ||
| 主题词: | 鹰拳--套路(武术) , 鹰拳 , 套路(武术) | |
| 电子资源: | ||
| ISBN: | 978-7-5009-3167-6 | |
| 000 | 00768nam0 2200253 45 | |
| 001 | 1130676827 | |
| 005 | 20110310094940.20 | |
| 010 | @a978-7-5009-3167-6@dCNY19.00 | |
| 100 | @a20110123d2007 em y0chiy50 ea | |
| 101 | 0 | @achi |
| 102 | @aCN@b110000 | |
| 105 | @aa z 000yy | |
| 106 | @ar | |
| 200 | 1 | @a少林鹰爪十三抓@AShao Lin Ying Zhua Shi San Zhua@f杨维著@FYang Wei Zhu |
| 210 | @a北京@c人民体育出版社@d2007 | |
| 215 | @a280页@c图,照片@d21cm | |
| 330 | @a本书主要包括:基本介绍、入门须知、功理功法、套路练习、应用方法和鹰爪秘法六个部分的内容。 | |
| 606 | 0 | @a鹰拳@x套路(武术) |
| 606 | 0 | @a鹰拳 |
| 606 | 0 | @a套路(武术) |
| 690 | @aG852.18@v4 | |
| 701 | 0 | @a杨维@AYang Wei@4著 |
| 801 | 0 | @aCN@bTANGWEI@c20110310 |
| 905 | @b0531149-52@dG852.18@e199@f4 | |
| 少林鹰爪十三抓/杨维著.-北京:人民体育出版社,2007 |
| 280页:图,照片;21cm |
| ISBN 978-7-5009-3167-6:CNY19.00 |
| 本书主要包括:基本介绍、入门须知、功理功法、套路练习、应用方法和鹰爪秘法六个部分的内容。 |
| ● |
| 相关链接 |
|
|
|
|
正题名:少林鹰爪十三抓
索取号:G852.18/199
 
预约/预借
| 序号 | 登录号 | 条形码 | 馆藏地/架位号 | 状态 | 备注 |
| 1 | 0531149 | 205311492 | 第一样本阅览室/ [索取号:G852.18/199] | 在馆 | |
| 2 | 0531150 | 205311508 | 第四借阅区/ [索取号:G852.18/199] | 在馆 | |
| 3 | 0531151 | 205311517 | 第四借阅区/ [索取号:G852.18/199] | 在馆 | |
| 4 | 0531152 | 205311526 | 密集书库-体育系/ [索取号:G852.18/199] | 在馆 |